000 00216nam a2200085Ia 4500
008 230915s9999 xx 000 0 und d
050 _as494 .i5 c496 2010
245 0 _atransfer of agricultural technology
942 _cBK
999 _c201437
_d201437